| 000 | 01426cam a2200205 4500 | ||
|---|---|---|---|
| 001 | ##L135538 | ||
| 008 | 061106n 000 0 eng u | ||
| 035 | _a(Sirsi) u135538 | ||
| 041 | 0 | _aeng | |
| 050 | 0 | 4 | _a628.114 $2 22 |
| 110 | 2 |
_aEngland and Wales _bEnvironment Agency _92469 |
|
| 245 | 0 | 0 |
_aUnderground, under threat _bgroundwater protection _bpolicy and practice _h[electronic resource] |
| 260 |
_aBristol _bEnvironment Agency _c[2006?] |
||
| 520 | _aReports on the state of groundwater in England and Wales and highlights the two main threats to the groundwater resource, over use and pollution. Part 1 presents the Agency's overall position on the management and protection of groundwater and identifies the Agency's goals; Part 2 provides a basic introduction to groundwater and its place in the water cycle, key principles and concepts and a description of the threats from human activity, and Part 3 introduces the tools available for analysing and assessing the risks to groundwater. Part 4 containing position statements and interpretation of legislation is not yet published. (See also L135703). | ||
| 590 | _aIKA141106 | ||
| 651 | 4 |
_aEngland and Wales _y1543- |
|
| 690 | _aENVIRONMENTAL AND LAND CONSULTANCY-WATER RESOURCE MANAGEMENT | ||
| 856 | 4 | 0 |
_uhttps://publications.environment-agency.gov.uk/PDF/GEHO1006BLMW-E-E.pdf _zView the report free of charge at publications.environment-agency.gov.uk |
| 942 | _n0 | ||
| 999 |
_c106092 _d106092 |
||